000 00713nam a2200253Ia 4500
003 OSt
005 20220918220956.0
006 a|||||r|||| 00| 0
007 ta
008 220917b |||||||| |||| 00| 0 eng d
024 _a147,665
037 _cTextual
040 _aARTS
_cARTS
_beng
041 _2eng
_aeng
082 _aY7:fz7, L9
100 _aSrinivas M N ed
245 0 _aField work and the field
_b Problems and challenges in sociological investigation
260 _aDelhi
_bOxford UNiversty Press
_c1979
300 _axii,288p.
_ccm.
500 _aIncludes Bibliography
650 _aSOCIOLOGY
942 _hY7:fz7, L9
_cTEXL
_2CC
999 _c270402
_d270402